000 01156cam a2200289 a 4500
001 14070587
003 OSt
005 20170223163439.0
008 050810s2007 cauab b 001 0 eng
010 _a 2005932099
020 _a0495006858
040 _aDLC
_cDLC
_dDLC
050 0 0 _aHM447
_b.K46 2007
100 1 _aKendall, Diana Elizabeth.
245 1 0 _aSociology in our times /
_cDiana Kendall.
250 _a6th ed.
260 _aBelmont, CA :
_bThomson/Wadsworth,
_cc2007
300 _axxv, 742 p. :
_bill. (chiefly col.), col. maps ;
_c29 cm.
504 _aIncludes bibliographical references (p. 689-719) and indexes.
650 0 _aSociology.
856 4 2 _3Contributor biographical information
_uhttp://www.loc.gov/catdir/enhancements/fy1302/2005932099-b.html
856 4 2 _3Publisher description
_uhttp://www.loc.gov/catdir/enhancements/fy1302/2005932099-d.html
856 4 1 _3Table of contents only
_uhttp://www.loc.gov/catdir/enhancements/fy1302/2005932099-t.html
906 _a7
_bcbc
_corigcop
_d3
_eepcn
_f20
_gy-gencatlg
942 _2lcc
_cBK
999 _c255650
_d255649